Calculus: Ideas & Application (Record no. 3920)

MARC details
005 - DATE AND TIME OF LATEST TRANSACTION
control field 20250613064801.0
020 ## - INTERNATIONAL STANDARD BOOK NUMBER
International Standard Book Number 0-471-40145-5
082 ## - DEWEY DECIMAL CLASSIFICATION NUMBER
Classification number 519HIM
100 ## - MAIN ENTRY--PERSONAL NAME
Author name HIMONAS. A
245 ## - TITLE STATEMENT
Title Calculus: Ideas & Application
260 ## - PUBLICATION, DISTRIBUTION, ETC.
Place of publication, distribution, etc. New York
Date of publication, distribution, etc. 2003.
300 ## - PHYSICAL DESCRIPTION
Extent xv,750p ill, figure, table, picture
Other physical details index
Dimensions 26cm
700 ## - ADDED ENTRY--PERSONAL NAME
Other authors/Editors HOWARD. A
942 ## - ADDED ENTRY ELEMENTS (KOHA)
Source of classification or shelving scheme Dewey Decimal Classification
Koha item type Books
Holdings
Date last seen Total checkouts Full call number Barcode Cost, replacement price Price effective from Koha item type Lost status Source of classification or shelving scheme Damaged status Not for loan Withdrawn status Home library Current library Shelving location Date acquired Cost, normal purchase price
06/13/2025   519HIM DOM000921 315000.00 06/13/2025 Books   Dewey Decimal Classification       CBE Dodoma CBE Dodoma General Collection 06/13/2025 105000.00
06/13/2025   515HIM DOM000920 315000.00 06/13/2025 Books   Dewey Decimal Classification       CBE Dodoma CBE Dodoma General Collection 05/26/2015 105000.00
06/13/2025   515HIM DOM000919 315000.00 06/13/2025 Books   Dewey Decimal Classification       CBE Dodoma CBE Dodoma General Collection 05/26/2015 105000.00
06/13/2025   515HIM DOM000922 315000.00 06/13/2025 Books   Dewey Decimal Classification       CBE Dodoma CBE Dodoma General Collection 05/26/2015 105000.00
06/13/2025   519HIM DOM000917 315000.00 06/13/2025 Books   Dewey Decimal Classification       CBE Dodoma CBE Dodoma General Collection 05/26/2015 105000.00